El Germinal español : las elecciones que trajeron la Segunda República /

Bibliographic Details
Main Author: Sánchez Pérez, Francisco, 1963- (Author)
Other Authors: Viñas, Ángel (contributor agent of text.)
Format: Electronic eBook
Language:Spanish
Published: Tres Cantos, Madrid, España : Akal, [2023]
Series:Akal anverso.
Subjects:
Online Access:Digitalia Hispánica

MARC

LEADER 00000nam a2200000 i 4500
001 DIGAKAL0828
003 NyNyDIG
007 cr |||||||||||
008 241203s2023 sp ob 000 0 spa d
006 m o d
035 |a (OCoLC)1478204799 
040 |a DGITA  |b eng  |e rda  |e pn  |c DGITA 
020 |a 9788446053542  |q eBook 
020 |z 9788446053293 
043 |a e-sp--- 
050 1 4 |a DP254 ebook 
100 1 |a Sánchez Pérez, Francisco,  |d 1963-  |e author. 
245 1 3 |a El Germinal español :  |b las elecciones que trajeron la Segunda República /  |c Francisco Sánchez Pérez ; prólogo de Ángel Viñas. 
264 1 |a Tres Cantos, Madrid, España :  |b Akal,  |c [2023] 
300 |a 1 online resource. 
336 |a text  |b txt  |2 rdacontent 
337 |a computer  |b c  |2 rdamedia 
338 |a online resource  |b cr  |2 rdacarrier 
347 |a text file  |2 rdaft 
347 |b EPUB 
490 1 |a Akal / Anverso 
504 |a Includes bibliographical references. 
588 0 |a Online resource; title from ePub title page (Digitalia, viewed December 3, 2024) 
650 0 |a Local elections  |z Spain  |x History  |y 20th century. 
651 0 |a Spain  |x History  |y Republic, 1931-1939. 
700 1 |a Viñas, Ángel,  |e contributor agent of text. 
791 2 |a Digitalia (Firm),  |e distributor. 
793 0 |g Digitalia eBook Collection:  |a Akal 
776 0 8 |i Print version:  |a Sánchez Pérez, Francisco, 1963-  |t Germinal español.  |d Tres Cantos, Madrid, España : Akal, [2023]  |z 9788446053293 
830 0 |a Akal anverso. 
856 4 0 |3 Digitalia Hispánica  |u https://www.digitaliapublishing.com/a/158529/ 
910 |a Premium collection: 2024